01671 a2200241 4500003000500000005001700005010001700022020002800039040000900067082001700076100002900093245011500122260004000237300002900277440005300306505075800359650003401117700002801151856009101179942001301270999001901283952012701302Nust20220803115650.0 a 2004041370 a0849320313 (alk. paper) cNust00a621.3136,SIM1 aSimoes, M. Godoy.99639710aRenewable Energy Systems :bDesign and Analysis with Induction Generators /cM. Godoy Simoes, Felix A. Farret. aBoca Raton, FL :bCRC Press,c2004. a358 p. :bill. ;c24 cm. 0aPower electronics and applications series983246 aPrinciples of alternative sources of energy and electric generation (Page-1), Steady-state model of the induction generator (Page-19), Transient model of the induction generator (Page-43), Self-excited induction generator (Page-69), Characteristics of the induction generator (Page-89), Construction features of the induction generator (Page-113), Power electronics for interfacing induction generators (Page-131), Scalar control for induction generators (Page-169), Vector control for induction generators (Page-179), Optimized control for Induction Generation (Page-197), Wound-Rotor introduction generator system (Page-237), Simulation tools for the induction generator (Page-257), Economics of induction generator-based renewable systems (Page-299). 0aTelecommunication Engineering1 aFarret, Felix A.996398423Publisher descriptionuhttp://www.loc.gov/catdir/enhancements/fy0646/2004041370-d.html cREF2ddc c175531d175531 00102ddc4070aMCSbMCScREFd2016-12-12o621.3136,SIMpMCS31166r2016-12-08w2016-12-12yREFzAlmirah No.20, Shelf No.3